Efektivní řešení pro profesionály v maloobchodě

Ako optimálne a efektívne využiť predajnú plochu daného obchodu z hľadiska umiestnenia tovaru. Rozmiestnenie tovaru v predajni pomáha riešiť programové vybavenie SpaceMaker. Čo je to tvorba plánogramu.

Na minha lista:
Detalhes bibliográficos
Formato: Capítulo de Livro
Idioma:tcheco
Assuntos:
Tags: Adicionar Tag
Sem tags, seja o primeiro a adicionar uma tag!

MARC

LEADER 00000naa a2200000 4500
001 r044545
005 20230522104525.0
041 0 |a cze 
044 |a CZ 
245 1 0 |a Efektivní řešení pro profesionály v maloobchodě 
520 |a Ako optimálne a efektívne využiť predajnú plochu daného obchodu z hľadiska umiestnenia tovaru. Rozmiestnenie tovaru v predajni pomáha riešiť programové vybavenie SpaceMaker. Čo je to tvorba plánogramu. 
610 2 0 |a predajne 
610 2 0 |a tovar 
610 2 0 |a maloobchod 
610 2 0 |a podpora predaja